Psychopedagogie interculturelle
Αποθηκεύτηκε σε:
| Κύριος συγγραφέας: | |
|---|---|
| Άλλοι συγγραφείς: | |
| Μορφή: | Βιβλίο |
| Γλώσσα: | French |
| Δημοσίευση: |
Fribourg :
DelVal,
1987
|
| Θέματα: | |
| Ετικέτες: |
Προσθήκη ετικέτας
Δεν υπάρχουν, Καταχωρήστε ετικέτα πρώτοι!
|
MARC
| LEADER | 00000nam a2200000 i 4500 | ||
|---|---|---|---|
| 001 | 1/87509 | ||
| 008 | 970409s1987 fre d | ||
| 020 | |a 2-88147-030-0 | ||
| 035 | |a 1991 |b 2 |c Δωρεά |l 10035260 | ||
| 040 | |a GR-MY-UA |b gre |e aacr | ||
| 041 | 0 | |a fre | |
| 082 | 0 | |a 370.15 | |
| 100 | 1 | |a Dinello, Raimundo. | |
| 245 | 1 | 0 | |a Psychopedagogie interculturelle / |c Raimundo Dinello, Anne-Nelly Perret-Clermont |
| 260 | |a Fribourg : |b DelVal, |c 1987 | ||
| 300 | |a 162 p. | ||
| 650 | 0 | 0 | |a Personality and culture. |
| 650 | 0 | 0 | |a Educational psychology. |
| 700 | 1 | |a Perret-Clermont, Anne-Nelly. | |
| 852 | |a INST |b RHODES |e 19970409 |h 370.15 PSY |p 005400000283 |q 005400000283 |t BK |y 0 | ||
| 909 | |a Ρ |b 017582 |c 1991 | ||
| 970 | |z 2000/08/ΔΕΜΕΝΑΓΑΣ ΠΕΤΡΟΣ | ||